Central Library OPAC University of Rajshahi

হযরত বড় পীর সাহেব / (Record no. 55053)

MARC details
000 -LEADER
fixed length control field 00819nam a2200217 a 4500
001 - CONTROL NUMBER
control field 55053
003 - CONTROL NUMBER IDENTIFIER
rucl marc code BD-RjUL
005 - DATE AND TIME OF LATEST TRANSACTION
control field 20211209080217.0
008 - FIXED-LENGTH DATA ELEMENTS--GENERAL INFORMATION
fixed length control field 161113s1964 bg ||||| |||| 00| 0 ben d
035 ## - SYSTEM CONTROL NUMBER
System control number (BD-RjUL)55175
040 ## - CATALOGING SOURCE
Original cataloging agency BD-RjUL
Language of cataloging ben
Transcribing agency BD-RjUL
Modifying agency BD-RjUL
041 ## - LANGUAGE CODE
Language code of text/sound track or separate title ben
082 ## - DEWEY DECIMAL CLASSIFICATION NUMBER
Edition number 23
Classification number 297.61092
Author mark and year AHH 1964
100 ## - MAIN ENTRY--PERSONAL NAME
Personal name আহম্‌দ, নূরুদ্দীণ
9 (RLIN) 164114
245 10 - TITLE STATEMENT
Title হযরত বড় পীর সাহেব /
Statement of responsibility, etc. নূরুদ্দীণ আহম্‌দ,
260 ## - PUBLICATION, DISTRIBUTION, ETC. (IMPRINT)
Place of publication, distribution, etc. ঢাকা :
Name of publisher, distributor, etc. লতীফ বুক করপোরেশন,
Date of publication, distribution, etc. ১৯৬৪.
300 ## - PHYSICAL DESCRIPTION
Pagination ২১১ পৃ. ;
Size ২১ সেমি.
650 ## - SUBJECT ADDED ENTRY--TOPICAL TERM
Topical term or geographic name as entry element ইসলামী নেতৃবৃন্দ
Form subdivision জীবনী
9 (RLIN) 164115
Topical term or geographic name as entry element Islamic Leaders
Form subdivision Biography
9 (RLIN) 144180
942 ## - ADDED ENTRY ELEMENTS (KOHA)
Source of classification or shelving scheme Dewey Decimal Classification
Koha item type Books
Holdings
Lost status Source of classification or shelving scheme Damaged status Not for loan Collection code Permanent Location Current Location Shelving location Date acquired Source of acquisition Cost, normal purchase price Total Checkouts Full call number Date last seen Copy number Koha item type
  Dewey Decimal Classification     Non-fiction Central Library, University of Rajshahi Central Library, University of Rajshahi   27/02/1967 N/A 4.50   B 297.61092 AHH 1964 13/11/2016 C-2 Books